Türkiye'nin En Kalabalık 30 İli - Statistics

General Stats
  • This quiz has been taken 234 times
  • The average score is 26 of 30
Answer Stats
Sıra Nüfus Şehir % Correct
2. 5.803.482 Ankara
100%
1. 15.655.924 İstanbul
100%
3. 4.479.525 İzmir
100%
5. 2.696.249 Antalya
98%
6. 2.320.241 Konya
97%
27. 824.352 Trabzon
96%
7. 2.270.298 Adana
95%
4. 3.214.571 Bursa
93%
9. 2.164.134 Gaziantep
91%
17. 1.273.519 Balıkesir
90%
10. 2.102.907 Kocaeli
90%
11. 1.938.389 Mersin
90%
8. 2.213.964 Şanlıurfa
90%
12. 1.818.133 Diyarbakır
89%
23. 1.066.736 Muğla
89%
16. 1.377.546 Samsun
89%
13. 1.544.640 Hatay
86%
30. 749.993 Erzurum
84%
25. 915.418 Eskişehir
84%
20. 1.127.612 Van
84%
21. 1.116.618 Kahramanmaraş
83%
19. 1.161.702 Aydın
80%
15. 1.445.683 Kayseri
80%
14. 1.475.716 Manisa
79%
18. 1.167.059 Tekirdağ
79%
26. 888.874 Mardin
78%
28. 775.800 Ordu
75%
22. 1.098.115 Sakarya
75%
24. 1.059.082 Denizli
74%
29. 751.344 Afyonkarahisar
63%
No matching quizzes found
Score Distribution
Percent of People with Each Score
Percentile by Number Answered
Your Score History
You have not taken this quiz